000 00449nam a22001937a 4500
003 bpm
005 20260407091817.0
008 260407b |||||||| |||| 00| p spa d
020 _a9789871224760
024 _aS. C. C. / M. C. y E. M.:
040 _aAR-CtUCP
041 _aspa
080 _aCDU
100 _aZamudio María Eloísa
245 _aLa lámpara y el leño
650 _aLiteratura - Poesía
942 _cLIB
999 _c76605
_d76605